000
00311nam a22001337a 4500
041
_a
ENG
100
_a
Singh .S
245
_a
Seleetian We And Mainten and of Pesticide Applicatian Equipmen
260
_a
Delhi
_b
India Council
_c
2000
300
_a
57
650
_a
FMP
700
_a
Kandoria.J.L
856
_u
FMP
999
_c
458
_d
458